00524nam a22001817a 4500999001900000005001700019010001500036020002600051035001400077037001300091082000800104100002100112245004300133260007200176270005300248300001900301942002200320 c196469d19646920230627145830.0 aENG-137153 a9789395820028c424.00 aEN-120685 bDBAD/PUB a000 aChalapathy, S.V. aGENERAL ENGLISH-IIcby S.V. CHALAPATHY aHyderabadbSurneni mohan naidu for spectrum educational booksc2015 aNear B K Guda Park, S R nagarbhyderabade500038 a256c24cm(pbk) 2ddccENmCHAh000